Loading...

The encyclopedia of visual art 7 : Biographical dictionary of artists Albrecht Dürer - Jan Lievensz

Saved in:
Bibliographic Details
Document Type: Book
Language:English
Published: London : Encyclopaedia Britannica International , 1989
Edition:Repr.
Author Notes:general ed.: Lawrence Gowing
LEADER 01313cam a2200301 cc4500
001 1136328556
003 DE-627
005 20260401160203.0
007 tu
008 980611s1989 xx ||||| 00| ||eng c
035 |a (DE-627)1136328556 
035 |a (DE-576)066328551 
035 |a (DE-599)BSZ066328551 
035 |a (OCoLC)313047767 
040 |a DE-627  |b ger  |c DE-627  |e rakwb 
041 |a eng 
084 |a LH 13480  |2 rvk  |0 (DE-625)rvk/92433: 
245 0 4 |a The encyclopedia of visual art  |n 7 : Biographical dictionary of artists  |p Albrecht Dürer - Jan Lievensz  |c general ed.: Lawrence Gowing 
250 |a Repr. 
264 1 |a London  |b Encyclopaedia Britannica International  |c 1989 
300 |a S. 196 - 384  |b zahlr. Ill. (überw. farb.) 
336 |a Text  |b txt  |2 rdacontent 
337 |a ohne Hilfsmittel zu benutzen  |b n  |2 rdamedia 
338 |a Band  |b nc  |2 rdacarrier 
773 1 8 |w (DE-627)1136327177  |w (DE-576)066327172  |g 7 : Biographical dictionary of artists  |q 7  |7 nnam 
936 r v |a LH 13480  |b Kunst-Enzyklopädien  |k Kunstgeschichte  |k Allgemeines. Allgemeine Kunstgeschichte  |k Lexika, Bibliografien, Bibliothekskataloge  |k Kunst- und Künstlerlexika  |k Reallexika der Kunstwissenschaft  |k Kunst-Enzyklopädien  |0 (DE-627)1271071606  |0 (DE-625)rvk/92433:  |0 (DE-576)201071606 
951 |a MV 
999 |a KXP-PPN1136328556  |e 2930241926